Normal view
MARC view
Entry Topical Term
001 - CONTROL NUMBER
- control field: 17668
003 - CONTROL NUMBER IDENTIFIER
- control field: OSt
005 - DATE AND TIME OF LATEST TRANSACTION
- control field: 20200911170137.0
008 - FIXED-LENGTH DATA ELEMENTS
- fixed length control field: 200911|| aca||aabn | a|a d
040 ## - CATALOGING SOURCE
- Original cataloging agency: OSt
- Transcribing agency: OSt
150 ## - HEADING--TOPICAL TERM
- Topical term or geographic name entry element: Entrepreneurial orientation, Local governments, Public organizations, Strategic management, Performance management, Sustainability
670 ## - SOURCE DATA FOUND
- Source citation: Work cat.: (OSt): Deslatte, Aaron and Swann, William L. 17667, Elucidating the linkages between entrepreneurial orientation and local government sustainability performance
